[Event "ESP-ch U12 rapid"]
[Site "Salobrena"]
[Date "2024.07.14"]
[Round "5"]
[White "Alvarez Gonzalez, David"]
[Black "Petrashko, Vladyslav"]
[Result "1-0"]
[WhiteElo "1735"]
[BlackElo "1622"]
[PlyCount "135"]
[EventDate "2024.07.13"]
[EventType "swiss (rapid)"]
[EventRounds "9"]
[EventCountry "ESP"]
[SourceTitle "EXT 2025"]
[Source "ChessBase"]
[SourceDate "2024.10.14"]
[SourceVersion "1"]
[SourceVersionDate "2024.10.14"]
[SourceQuality "1"]

1. c4 e6 2. g3 d5 3. d4 Nf6 4. Bg2 c6 5. Nf3 Be7 6. 0-0 0-0 7. Qc2 Nbd7 8. Nbd2 b6 9. e4 Bb7 10. b3 dxe4 11. Nxe4 Nxe4 12. Qxe4 Nf6 13. Qe2 c5 14. Bb2 Rc8 15. Rfd1 Qc7 16. Ne1 Bxg2 17. Nxg2 cxd4 18. Bxd4 Rfd8 19. Rd3 Nd7 20. Rad1 Bf6 21. Bxf6 Nxf6 22. Qd2 Rxd3 23. Qxd3 h6 24. Ne3 Qc6 25. Nc2 b5 26. Nd4 Qa6 27. Nxb5 Qxa2 28. Qc3 Qa6 29. Qd4 Qb6 30. Nxa7 Qxd4 31. Rxd4 Rb8 32. Rd3 Ne4 33. Nc6 Rb6 34. Na5 Nc5 35. Re3 Rb4 36. Kf1 Kf8 37. Ke2 Ke8 38. Kd2 Kd7 39. Kc3 Rb6 40. b4 Na6 41. b5 Nc5 42. Nb3 Kd6 43. Re2 Nxb3 44. Kxb3 Kc5 45. Re5+ Kd4 46. Re1 Kc5 47. Ra1 f5 48. Ra2 e5 49. Rd2 Rd6 50. Rxd6 Kxd6 51. b6 Kc6 52. c5 g5 53. Kc4 h5 54. f4 e4 55. fxg5 h4 56. g6 e3 57. Kd3 f4 58. gxf4 Kxc5 59. Kxe3 Kxb6 60. g7 Kc7 61. g8Q Kb7 62. Qc4 h3 63. f5 Ka8 64. Qb5 Ka7 65. Kd4 Ka8 66. Kc5 Ka7 67. Kc6 Ka8 68. Qb7# 1-0

[Event "ESP-ch U12 rapid"]
[Site "Salobrena"]
[Date "2024.07.13"]
[Round "3"]
[White "Frias Lope, Miguel"]
[Black "Alvarez Gonzalez, David"]
[Result "1-0"]
[WhiteElo "1564"]
[BlackElo "1735"]
[PlyCount "85"]
[EventDate "2024.07.13"]
[EventType "swiss (rapid)"]
[EventRounds "9"]
[EventCountry "ESP"]
[SourceTitle "EXT 2025"]
[Source "ChessBase"]
[SourceDate "2024.10.14"]
[SourceVersion "1"]
[SourceVersionDate "2024.10.14"]
[SourceQuality "1"]

1. d4 Nf6 2. Nf3 e6 3. e3 b6 4. Bd3 Bb7 5. 0-0 d5 6. b3 Bd6 7. Bb2 Nbd7 8. Qe2 0-0 9. Ne5 c5 10. Nd2 Qc7 11. f4 Ne4 12. Rf3 Nxd2 13. Qxd2 Nf6 14. Rh3 Ne4 15. Qe2 Bxe5 16. fxe5 Ng5 17. Rg3 h6 18. Qh5 f5 19. exf6 Rxf6 20. dxc5 Rf7 21. cxb6 axb6 22. Bg6 Re7 23. Rxg5 Qc5 24. Bd4 Qb4 25. Re5 Rxa2 26. Qd1 Rxa1 27. Bxa1 Qg4 28. Qxg4 Bc6 29. Bd3 Be8 30. Qg3 Ra7 31. Bd4 Rb7 32. Bg6 Bd7 33. Kf2 Rb8 34. Rxe6 Rf8+ 35. Ke2 Bxe6 36. Bh7+ Kf7 37. Qxg7+ Ke8 38. Bg6+ Bf7 39. Bxf7+ Rxf7 40. Qe5+ Re7 41. Qxd5 b5 42. Bf6 Rd7 43. Qg8# 1-0

[Event "ESP-ch U12"]
[Site "Salobrena"]
[Date "2024.07.13"]
[Round "9"]
[White "Kaji Senas, Tarek"]
[Black "Alvarez Gonzalez, David"]
[Result "0-1"]
[WhiteElo "1602"]
[BlackElo "1749"]
[PlyCount "114"]
[EventDate "2024.07.08"]
[EventType "swiss"]
[EventRounds "9"]
[EventCountry "ESP"]
[SourceTitle "EXT 2025"]
[Source "ChessBase"]
[SourceDate "2024.10.14"]
[SourceVersion "1"]
[SourceVersionDate "2024.10.14"]
[SourceQuality "1"]

1. e4 c5 2. Nc3 g6 3. g3 Bg7 4. Bg2 Nc6 5. d3 Nf6 6. Be3 d6 7. h3 Bd7 8. Qd2 h5 9. Nge2 Qa5 10. d4 cxd4 11. Nxd4 Ne5 12. Ncb5 Qxd2+ 13. Bxd2 Bxb5 14. Nxb5 Kd7 15. f4 Nc4 16. e5 Ng8 17. 0-0-0 a6 18. Bxb7 Rb8 19. Bxa6 Rb6 20. Nxd6 Nxd6 21. Be2 Ne4 22. Ba5+ Kc7 23. Bxb6+ Kxb6 24. Rdg1 Bh6 25. Bf3 Nxg3 26. Rh2 Bxf4+ 27. Kb1 Nf5 28. Rhh1 Ng3 29. Rh2 Nf1 30. Rf2 Nd2+ 31. Ka1 Be3 32. Rxd2 Bxd2 33. Rd1 Bf4 34. e6 fxe6 35. Rd8 Be5 36. Rd7 Bd6 37. Rd8 Be5 38. Rd7 Rh7 39. a4 Rf7 40. Be4 g5 41. Bg6 Rg7 42. Be4 Rf7 43. Rb7+ Ka6 44. Ka2 Rf4 45. Bc6 Rxa4+ 46. Bxa4 Kxb7 47. Bb3 Nf6 48. Bxe6 g4 49. hxg4 hxg4 50. c4 g3 51. Bh3 Nh5 52. b4 Nf4 53. Bf1 g2 54. Bxg2+ Nxg2 55. Kb3 Ne3 56. c5 Kc6 57. Ka4 Bd4 0-1

[Event "ESP-ch U12"]
[Site "Salobrena"]
[Date "2024.07.10"]
[Round "4"]
[White "Alvarez Gonzalez, David"]
[Black "Veiga Macias, Rodrigo"]
[Result "0-1"]
[WhiteElo "1749"]
[BlackElo "1592"]
[PlyCount "108"]
[EventDate "2024.07.08"]
[EventType "swiss"]
[EventRounds "9"]
[EventCountry "ESP"]
[SourceTitle "EXT 2025"]
[Source "ChessBase"]
[SourceDate "2024.10.14"]
[SourceVersion "1"]
[SourceVersionDate "2024.10.14"]
[SourceQuality "1"]

1. c4 e6 2. g3 d5 3. d4 Nf6 4. Bg2 Be7 5. Nf3 0-0 6. 0-0 dxc4 7. Qc2 c5 8. Rd1 cxd4 9. Qxc4 Nc6 10. e3 Bd7 11. Nxd4 Qb6 12. Qb3 Nxd4 13. exd4 Qxb3 14. axb3 Nd5 15. Nc3 Bc6 16. Nxd5 Bxd5 17. Bxd5 exd5 18. Bf4 a6 19. h4 Rac8 20. Rac1 h6 21. Kf1 Bf6 22. Be3 Kh7 23. Rc3 Rxc3 24. bxc3 Rc8 25. Rc1 b5 26. Ke2 Kg6 27. Kd3 Kf5 28. Ra1 Rc6 29. f3 h5 30. Bf4 Bxh4 31. Re1 Bf6 32. Be3 Bd8 33. Bf2 Re6 34. Re5+ Rxe5 35. dxe5 Bc7 36. f4 g6 37. b4 Kg4 38. Ke3 Bb6+ 39. Ke2 Bxf2 40. Kxf2 h4 41. gxh4 Kxf4 42. Kg2 Kxe5 43. Kg3 f5 44. Kf3 f4 45. Kf2 Ke4 46. Ke2 f3+ 47. Kf2 Kf4 48. Kf1 Kg3 49. h5 gxh5 50. Kg1 h4 51. c4 dxc4 52. Kh1 c3 53. Kg1 c2 54. Kf1 c1Q# 0-1

[Event "ESP-ch U10"]
[Site "Salobrena"]
[Date "2023.07.08"]
[Round "9"]
[White "Garcia Tanjala, Marko"]
[Black "Alvarez Gonzalez, David"]
[Result "1-0"]
[WhiteElo "1450"]
[BlackElo "1280"]
[PlyCount "81"]
[EventDate "2023.07.03"]
[EventType "swiss"]
[EventRounds "9"]
[EventCountry "ESP"]
[SourceTitle "EXT 2024"]
[Source "ChessBase"]
[SourceDate "2023.10.10"]
[SourceVersion "1"]
[SourceVersionDate "2023.10.10"]
[SourceQuality "1"]

1. e4 c5 2. Nf3 Nc6 3. d4 cxd4 4. Nxd4 e5 5. Nb5 d6 6. c4 a6 7. N5a3 f5 8. Nc3 Nf6 9. exf5 Bxf5 10. Be2 Be7 11. Be3 Rb8 12. 0-0 0-0 13. Nc2 Qc7 14. f3 Na5 15. b3 b5 16. Nd5 Nxd5 17. Qxd5+ Kh8 18. Nb4 bxc4 19. Nxa6 Qb7 20. Qxa5 Ra8 21. Bxc4 d5 22. Bb5 Rf6 23. a4 Raxa6 24. Bxa6 Rxa6 25. Qb5 Bd7 26. Qxb7 Rf6 27. Qxd7 Bf8 28. Bg5 Bc5+ 29. Kh1 Rf8 30. Be7 Bxe7 31. Qxe7 Rg8 32. f4 e4 33. f5 h5 34. Qg5 Rc8 35. Qxh5+ Kg8 36. f6 Rc1 37. Raxc1 e3 38. f7+ Kf8 39. Qh8+ Ke7 40. Qe8+ Kd6 41. f8Q# 1-0